000
00278nam a2200109Ia 4500
008
200302s9999 xx 000 0 und d
100
_a
Robert W. Gill
245
_a
Perspective - From Basic To Creative
260
_b
Thames and Hudson Publishers
260
_c
2006
300
_a
272 P
999
_c
4380
_d
4380